logo

Bir Sreshtho Munshi Abdur Rouf Library
Jhenaidah Cadet College

মধ্যযুগের পাক-ভারতীয় সংস্কৃতি / (Record no. 2606)

MARC details
000 -LEADER
fixed length control field 00767nam a2200229 a 4500
001 - CONTROL NUMBER
JCCL Control Number 2606
003 - CONTROL NUMBER IDENTIFIER
JCCL marc code BD-JhCC
005 - DATE AND TIME OF LATEST TRANSACTION
control field 20200811134007.0
008 - FIXED-LENGTH DATA ELEMENTS--GENERAL INFORMATION
fixed length control field 171105s1967 bg |||| ||a| 000 0 ben d
035 ## - SYSTEM CONTROL NUMBER
system control number (BD-JhCC)2606
040 ## - CATALOGING SOURCE
Original cataloging agency BD-JhCC
Modifying agency BD-JhCC
041 ## - LANGUAGE CODE
Language code of Book ben
082 ## - DEWEY DECIMAL CLASSIFICATION NUMBER
Classification number 306
Author mark and Year HOS 1967
100 ## - MAIN ENTRY--PERSONAL NAME
Personal name হোসেন, ইউসুফ
245 ## - TITLE STATEMENT
Title মধ্যযুগের পাক-ভারতীয় সংস্কৃতি /
Statement of responsibility, etc ইউসুফ হোসেন; ফারুক মাহমুদ (অনু.)
260 ## - PUBLICATION, DISTRIBUTION, ETC. (IMPRINT)
Place of publication, distribution, etc ঢাকা :
Name of publisher, distributor, etc বাংলা একাডেমী,
Date of publication, distribution, etc 1967.
300 ## - PHYSICAL DESCRIPTION
Pagination 168 p. :
Dimensions 22 cm.
650 ## - SUBJECT ADDED ENTRY--TOPICAL TERM
Topical term or geographic name as entry element Culture
Geographic subdivision India
700 ## - ADDED ENTRY--PERSONAL NAME
Personal name মাহমুদ, ফারুক
942 ## - ADDED ENTRY ELEMENTS (KOHA)
Source of classification or shelving scheme Dewey Decimal Classification
Koha item type Books
Koha issues (borrowed), all copies 1
Holdings
Source of classification or shelving scheme Damaged status Not for loan Home library Current library Shelving location Date of accession Cost, normal purchase price Total Checkouts Full call number Barcode Date last seen Copy number Koha item type Date checked out
Dewey Decimal Classification     JCC Rouf Library JCC Rouf Library General Stacks 11/05/2017 4.00   306 HOS 1967 3657 11/05/2017 C-1 Books  
Dewey Decimal Classification     JCC Rouf Library JCC Rouf Library General Stacks 11/12/2017 4.00 1 306 HOS 1967 4337 11/01/2020 C-2 Books 08/10/2020

JCC Library | Contacts | JCC Home

Last Update on 23 September 2017
Copyright @ 2017-2020 JCC Rouf Library
Rouf Library, Jhenidah Cadet College (JCC), Bangladesh